Youngest European Countries - Statistics

General Stats
  • This quiz has been taken 872 times
    833 since last reset
  • The average score is 15 of 16
Answer Stats
Year Country % Correct
2006 Serbia
96%
2008 Kosovo
95%
1991 Bosnia and Herzegovina
94%
1991 Croatia
94%
2006 Montenegro
94%
1991 Latvia
93%
1991 Lithuania
93%
1991 Slovenia
93%
1991 Ukraine
93%
1991 Belarus
92%
1991 Estonia
92%
1993 Slovakia
92%
1991 Moldova
89%
1991 Macedonia
88%
1993 Czech Republic
85%
1991 Russia
71%
No matching quizzes found
Score Distribution
Percent of People with Each Score
Percentile by Number Answered
Your Score History
You have not taken this quiz since the last reset